| 000 | 00777nam a2200205Ia 4500 | ||
|---|---|---|---|
| 003 | GCL | ||
| 008 | 140319s9999 xx 000 0 ara d | ||
| 040 |
_aGCL / _cGCL |
||
| 082 | 0 | 4 |
_a791.447 _bا ب |
| 100 | 1 | _aاتحاد اذاعات الدول العربية | |
| 245 | 1 | 0 |
_aبرامج الاطفال فى الراديو والتليفزيون 0 حلقة دراسية - دراسات وبحوث اذاعية / _cاتحاد اذاعات الدول العربية |
| 300 | _a198 ص | ||
| 490 |
_aدراسات وبحوث اذاعية _v0 |
||
| 650 | 0 | 4 | _aالاطفال |
| 650 | 0 | 4 | _aبرامج الاذاعة |
| 650 | 0 | 4 | _aالتليفزيون والاطفال |
| 650 | 0 | 4 | _aالاطفال والاعلام |
| 650 | 0 | 4 | _aالاذاعة والاطفال |
| 942 |
_2ddc _cBK |
||
| 999 |
_c50502 _d50502 |
||